Liquid extraction /
Guardado en:
| Autor Principal: | |
|---|---|
| Formato: | Libro |
| Idioma: | English |
| Publicado: |
New York :
McGraw-Hill,
1951.
|
| Edición: | 1st ed. |
| Series: | Chemical engineering series
|
| Materias: | |
| Etiquetas: |
Agregar Etiqueta
Sin Etiquetas, Sea el primero en etiquetar este registro!
|
| LEADER | 00822cam a22002295a 4500 | ||
|---|---|---|---|
| 001 | EIQ.libpla004163 | ||
| 008 | 751010s1951####nyua#####b####001#0#eng#d | ||
| 005 | 20080819172818.0 | ||
| 245 | 1 | 0 | |a Liquid extraction / |c Robert E. Treybal. |
| 250 | |a 1st ed. | ||
| 260 | |a New York : |b McGraw-Hill, |c 1951. | ||
| 300 | |a vii, 422 p. : |b il., diagrs. ; |c 24 cm. | ||
| 490 | 0 | |a Chemical engineering series | |
| 500 | |a La biblioteca posee la traducción al español de la 2da. ed. en inglés. | ||
| 504 | |a Incluye referencias bibliográficas e índice. | ||
| 100 | 1 | |a Treybal, Robert Ewald, |d 1915- | |
| 082 | |a 660.284 | ||
| 650 | 4 | |a Procesos |x Extracción (Química) | |
| 650 | 4 | |a Processes |x Extraction (Chemistry) | |
| 010 | |a 51003134 | ||
| 040 | |a DLC |c FMU |d Uk |d DLC |d AR-BbSID | ||
| 859 | |a AR-BbSID |b BIB. PLAPIQUI |h 660.284 24 |i T 71 |p 6085 | ||
